00418nam a2200109 a 450000100100000000500170001000800410002704000250006824501440009326000510023730000200028800002952320200930055618.0110418s1965 dr 000 0 spa d aDO-SdBNPbspacBNPHU00aPacto colectivo de condiciones de trabajo :bsuscritos entre el Sindicato Autonomo de los Trabajadores de la Editora del Caribe C. por A./. aSanto Domingo :b[Editora del Caribe ],c1965. a23 p. ;c24 cm.